|
|
|
|
| LEADER |
00000cam a22000004a 4500 |
| 001 |
musev2_55508 |
| 003 |
MdBmJHUP |
| 005 |
20230905045715.0 |
| 006 |
m o d |
| 007 |
cr||||||||nn|n |
| 008 |
021218s2002 sp o 00 0 cat d |
| 010 |
|
|
|z 2003396503
|
| 020 |
|
|
|a 9788484095293
|
| 020 |
|
|
|z 9788484091707
|
| 040 |
|
|
|a MdBmJHUP
|c MdBmJHUP
|
| 043 |
|
|
|a e-sp---
|
| 050 |
0 |
4 |
|a PC3941.S357
|b A6 2002
|
| 100 |
1 |
|
|a Santamaria i Monne, Joan,
|d 1884-1955.
|
| 240 |
1 |
0 |
|a Prose works.
|k Selections
|
| 245 |
1 |
0 |
|a Narracions i retrats. Joan Santamaria i Monné. /
|c Joan Santamaria i Monne ; edició de Miquel Viladegut.
|
| 250 |
|
|
|a 1a ed.
|
| 264 |
|
1 |
|a Lleida :
|b Edicions de la Universitat de Lleida,
|c 2002.
|
| 264 |
|
3 |
|a Baltimore, Md. :
|b Project MUSE,
|c 0000
|
| 264 |
|
4 |
|c ©2002.
|
| 300 |
|
|
|a 1 online resource:
|b ill. ;
|
| 336 |
|
|
|a text
|b txt
|2 rdacontent
|
| 337 |
|
|
|a computer
|b c
|2 rdamedia
|
| 338 |
|
|
|a online resource
|b cr
|2 rdacarrier
|
| 504 |
|
|
|a Includes bibliographical references (p. 64-67).
|
| 588 |
|
|
|a Description based on print version record.
|
| 650 |
|
0 |
|a Fantasy fiction, Catalan.
|
| 651 |
|
0 |
|a Lerida (Spain : Province)
|x Social life and customs.
|
| 600 |
1 |
0 |
|a Santamaria i Monne, Joan,
|d 1884-1955
|x Criticism and interpretation.
|
| 655 |
|
7 |
|a Electronic books.
|2 local
|
| 700 |
1 |
|
|a Viladegut, Miguel.
|
| 710 |
2 |
|
|a Project Muse.
|e distributor
|
| 830 |
|
0 |
|a Book collections on Project MUSE.
|
| 856 |
4 |
0 |
|z Texto completo
|u https://projectmuse.uam.elogim.com/book/55508/
|
| 945 |
|
|
|a Project MUSE - Custom Collection
|